| 000 | 00910cab a22001815a 4500 | ||
|---|---|---|---|
| 001 | L144796 | ||
| 008 | 080811e20080723xxko f s 000 0 eng d | ||
| 035 | _a(Sirsi) u144796 | ||
| 041 | 0 | _aeng | |
| 100 | 1 | _aHoward, Paul | |
| 245 | 0 | 0 | _aTime for JCT to embrace sustainability |
| 260 | _c2008 | ||
| 490 |
_aContract Journal _v444(6685) 23 July 2008, 17-19(2) |
||
| 520 | _aArticle discusses sustainability contracts and argues that JCT are in an ideal place to move forward their use (as JCT standard forms of agreement account for over 70% of construction contracts). JCT seem to be expressing enthusiasm for the idea, but are concerned about discussion over definitions of sustainability in an environment where there is little consensus over what the term means. | ||
| 651 | 4 |
_aEngland and Wales _y1543- |
|
| 690 | _aENVIRONMENTAL AND LAND CONSULTANCY-SUSTAINABILITY-SUSTAINABLE DEVELOPMENT | ||
| 942 | _n0 | ||
| 999 |
_c80593 _d80593 |
||